[Event "Gatineau Benevoles"]
[Site "Gatineau CAN"]
[Date "2013.12.10"]
[Round "1"]
[White "Desjardins, Michel"]
[Black "Jobin, Gilles G"]
[Result "1-0"]
[WhiteElo "1902"]
[BlackElo "1756"]
[PlyCount "191"]
[GameId "2160767909208163"]
[EventDate "2013.12.10"]
[EventType "swiss"]
[EventRounds "4"]
[EventCountry "CAN"]
[SourceTitle "EXT 2022"]
[Source "ChessBase"]
[SourceDate "2021.10.06"]
[SourceVersion "1"]
[SourceVersionDate "2021.10.06"]
[SourceQuality "1"]

1. e4 g6 2. d4 Bg7 3. Nc3 d6 4. Be3 a6 5. Qd2 b5 6. a3 Bb7 7. Nf3 Nd7 8. Rd1 Ndf6 9. Qd3 Rb8 10. Be2 Ng4 11. Bf4 N8f6 12. h3 Nh6 13. Qe3 Nhg8 14. O-O Nh5 15. e5 Nxf4 16. Qxf4 Bh6 17. Qg3 d5 18. e6 fxe6 19. Qh4 Qd6 20. Ne5 Bg7 21. f4 c5 22. Qf2 c4 23. Bf3 Nf6 24. Qg3 Rg8 25. Rde1 b4 26. axb4 Qxb4 27. Nd1 Qb6 28. c3 Ne4 29. Bxe4 dxe4 30. Qh4 Bxe5 31. fxe5 Kd7 32. Rf7 Rbe8 33. Qxh7 Qd8 34. Ne3 Rh8 35. Qg7 Reg8 36. Qf6 Bd5 37. Ra1 Ke8 38. Qf2 Qb6 39. Rf1 Qb7 40. Qc2 Qb3 41. Qf2 Qb7 42. Ng4 Qc6 43. Qe3 g5 44. Qf2 Kd8 45. Qe1 Qe8 46. Qa1 Qb5 47. Qa3 Qb7 48. Qa5+ Ke8 49. Qc5 Rf8 50. Rxf8+ Rxf8 51. Rxf8+ Kxf8 52. Qa3 Qb3 53. Qxb3 cxb3 54. Ne3 a5 55. c4 Bc6 56. Nd1 Kg7 57. Nc3 Kf7 58. Kf2 Kg6 59. g3 Kf5 60. Ke3 g4 61. h4 Bb7 62. Na4 Ba6 63. c5 Bb5 64. Nc3 Bc6 65. Nb1 a4 66. Na3 Bd7 67. Kd2 Bc6 68. Nc4 Bb5 69. Ne3+ Kg6 70. Nxg4 Bd3 71. Kc3 Bb5 72. Ne3 Bc6 73. g4 Bd7 74. Kb4 Bc6 75. Nd1 Bd7 76. Nc3 Bc6 77. Ne2 e3 78. Nf4+ Kf7 79. h5 Bf3 80. Kxa4 e2 81. Nd3 Bxg4 82. h6 Bf5 83. Ne1 Ke8 84. Kxb3 Kd7 85. Kc4 Kc6 86. b4 Be4 87. b5+ Kb7 88. Kb4 Bh7 89. Ka5 Be4 90. Kb4 Bh7 91. Ka5 Be4 92. c6+ Kc7 93. Ka6 Kb8 94. b6 Kc8 95. c7 Bb7+ 96. Ka5 1-0

[Event "Gatineau Benevoles"]
[Site "Gatineau CAN"]
[Date "2013.12.10"]
[Round "1"]
[White "Guimond, Michel"]
[Black "Rose, Richard1"]
[Result "0-1"]
[WhiteElo "1947"]
[BlackElo "1849"]
[PlyCount "56"]
[GameId "2160767909208164"]
[EventDate "2013.12.10"]
[EventType "swiss"]
[EventRounds "4"]
[EventCountry "CAN"]
[SourceTitle "EXT 2022"]
[Source "ChessBase"]
[SourceDate "2021.10.06"]
[SourceVersion "1"]
[SourceVersionDate "2021.10.06"]
[SourceQuality "1"]

1. e4 c5 2. Nf3 d6 3. d4 cxd4 4. Nxd4 Nf6 5. Nc3 Nc6 6. Bc4 e6 7. a4 Be7 8. Bb3 O-O 9. f4 a6 10. Be3 Bd7 11. Qf3 Qc7 12. Nxc6 Bxc6 13. f5 exf5 14. Qxf5 Bd7 15. Qf4 Be6 16. Nd5 Bxd5 17. exd5 Nxd5 18. Bxd5 Qa5+ 19. c3 Qxd5 20. Bd4 Bg5 21. Qg4 Rfe8+ 22. Kf2 Re4 23. Qd7 Rd8 24. Qh3 Rf4+ 25. Kg1 Re8 26. g3 Rxd4 27. cxd4 Qxd4+ 28. Kg2 Re2+ 0-1

[Event "Gatineau Benevoles"]
[Site "Gatineau CAN"]
[Date "2013.12.10"]
[Round "1"]
[White "Lavergne, Daniel"]
[Black "Groleau, Gilles"]
[Result "0-1"]
[WhiteElo "1781"]
[BlackElo "1904"]
[PlyCount "72"]
[GameId "2160767909208165"]
[EventDate "2013.12.10"]
[EventType "swiss"]
[EventRounds "4"]
[EventCountry "CAN"]
[SourceTitle "EXT 2022"]
[Source "ChessBase"]
[SourceDate "2021.10.06"]
[SourceVersion "1"]
[SourceVersionDate "2021.10.06"]
[SourceQuality "1"]

1. e4 c5 2. Nf3 e6 3. d4 cxd4 4. Nxd4 a6 5. Bd3 Nc6 6. Nb3 Qc7 7. f4 d6 8. Nc3 Nf6 9. a3 Be7 10. Be3 b5 11. Qf3 Bb7 12. O-O O-O 13. Qh3 b4 14. e5 dxe5 15. Ne4 Nxe4 16. Bxe4 f5 17. Bd3 e4 18. Bc4 Nd8 19. Nd2 Bd5 20. b3 bxa3 21. g4 Bc5 22. gxf5 Rxf5 23. Kh1 g6 24. Rf2 Nb7 25. Rg1 Raf8 26. Bxa6 Bxe3 27. Qxe3 Rxf4 28. Rxf4 Qxf4 29. Qxf4 Rxf4 30. c4 Bc6 31. Bb5 Bxb5 32. cxb5 e3 33. Nc4 e2 34. Ne3 Rf1 35. Rxf1 exf1=Q+ 36. Nxf1 a2 0-1

[Event "Gatineau Benevoles"]
[Site "Gatineau CAN"]
[Date "2013.12.10"]
[Round "1"]
[White "Lemieux, Denis"]
[Black "Iyamuremye, Gervais"]
[Result "0-1"]
[WhiteElo "1666"]
[BlackElo "1443"]
[PlyCount "144"]
[GameId "2160767909208166"]
[EventDate "2013.12.10"]
[EventType "swiss"]
[EventRounds "4"]
[EventCountry "CAN"]
[SourceTitle "EXT 2022"]
[Source "ChessBase"]
[SourceDate "2021.10.06"]
[SourceVersion "1"]
[SourceVersionDate "2021.10.06"]
[SourceQuality "1"]

1. d4 Nf6 2. c4 e6 3. Nc3 Be7 4. e4 d6 5. Bd3 Nbd7 6. f4 c5 7. d5 e5 8. Nf3 a6 9. O-O exf4 10. Bxf4 O-O 11. h3 h6 12. Qd2 Nh7 13. e5 dxe5 14. Nxe5 Bg5 15. Nxd7 Bxf4 16. Rxf4 Bxd7 17. Ne4 Ng5 18. Nxg5 Qxg5 19. Kh2 Rae8 20. Raf1 Qe5 21. Kh1 b6 22. Rh4 Qe3 23. Qxe3 Rxe3 24. Rd1 b5 25. b3 Rfe8 26. Rf4 R8e5 27. Rd2 g6 28. Rf6 bxc4 29. bxc4 a5 30. Rd6 Re7 31. Ra6 a4 32. Ra5 Bxh3 33. gxh3 Rxh3+ 34. Kg2 Ree3 35. Bf1 Reg3+ 36. Kf2 Rf3+ 37. Kg1 Rh4 38. Rg2 Rfh3 39. Be2 Rh1+ 40. Kf2 Rb1 41. Rxc5 Rb2 42. d6 Rd4 43. Rd5 Rxd5 44. cxd5 Kf8 45. Ke3 Ke8 46. d7+ Kd8 47. Bf3 Rb4 48. Rf2 Kxd7 49. Kd3 f5 50. Kc3 Rf4 51. Rf1 Kd6 52. Kd3 h5 53. Ke3 Ke5 54. d6 Rd4 55. Bc6 Rxd6 56. Bxa4 g5 57. Bc2 f4+ 58. Ke2 g4 59. Rh1 Rh6 60. a4 h4 61. a5 g3 62. Kf3 h3 63. Re1+ Kd6 64. a6 h2 65. Rh1 Ke5 66. Bd3 Rh8 67. Be4 Rg8 68. Re1 g2 69. a7 g1=Q 70. Bh7+ Kf6 71. Bxg8 h1=Q+ 72. Kxf4 Qf2+ 0-1

[Event "Gatineau Benevoles"]
[Site "Gatineau CAN"]
[Date "2013.12.10"]
[Round "1"]
[White "Lessard, Alex"]
[Black "Roth, Gerhard"]
[Result "1-0"]
[WhiteElo "1111"]
[BlackElo "1495"]
[PlyCount "82"]
[GameId "2160767909208167"]
[EventDate "2013.12.10"]
[EventType "swiss"]
[EventRounds "4"]
[EventCountry "CAN"]
[SourceTitle "EXT 2022"]
[Source "ChessBase"]
[SourceDate "2021.10.06"]
[SourceVersion "1"]
[SourceVersionDate "2021.10.06"]
[SourceQuality "1"]

1. d4 Nf6 2. c4 g6 3. g3 Bg7 4. Bg2 c5 5. d5 d6 6. Nc3 O-O 7. Nf3 a6 8. a4 Bg4 9. O-O Nbd7 10. a5 b5 11. axb6 Nxb6 12. Nd2 Qc8 13. Rb1 Bh3 14. b3 Bxg2 15. Kxg2 Ng4 16. Bb2 Ne5 17. h3 f5 18. f4 Nf7 19. Nf3 e5 20. dxe6 Qxe6 21. Re1 Rab8 22. e4 Nxc4 23. e5 Nxb2 24. Rxb2 dxe5 25. fxe5 Nxe5 26. Nxe5 Bxe5 27. Rbe2 Qc6+ 28. Qd5+ Qxd5+ 29. Nxd5 Bd4 30. b4 Rf7 31. bxc5 Bxc5 32. Nf4 a5 33. Re8+ Rf8 34. R8e5 Rb2+ 35. Kh1 Bb4 36. Rd1 Bc3 37. Rc5 Bb4 38. Rb5 Bc3 39. Rc5 Bb4 40. Rb5 a4 41. Nd3 Rc8 1-0

[Event "Gatineau Benevoles"]
[Site "Gatineau CAN"]
[Date "2013.12.10"]
[Round "1"]
[White "Menard, Marc"]
[Black "Legare, Gilles"]
[Result "1-0"]
[WhiteElo "1450"]
[BlackElo "1130"]
[PlyCount "63"]
[GameId "2160767909208168"]
[EventDate "2013.12.10"]
[EventType "swiss"]
[EventRounds "4"]
[EventCountry "CAN"]
[SourceTitle "EXT 2022"]
[Source "ChessBase"]
[SourceDate "2021.10.06"]
[SourceVersion "1"]
[SourceVersionDate "2021.10.06"]
[SourceQuality "1"]

1. e4 e5 2. Nf3 Nc6 3. Bb5 Nf6 4. O-O a5 5. c3 b6 6. d4 Ba6 7. a4 exd4 8. cxd4 Nb4 9. Nc3 c6 10. Bxa6 Nxa6 11. Bf4 Be7 12. Rc1 Nb4 13. d5 Bc5 14. dxc6 Nxc6 15. Nd5 d6 16. Bg5 Ne5 17. Qb3 O-O 18. Nxf6+ gxf6 19. Bh6 Re8 20. Nh4 Qc8 21. Qg3+ Qg4 22. Rc3 Qxg3 23. Rxg3+ Ng6 24. Re1 Bd4 25. b3 Rac8 26. Nf5 Be5 27. f4 Bc3 28. Rd1 Bb4 29. Nxd6 Bxd6 30. Rxd6 Rxe4 31. f5 Rf4 32. Bxf4 1-0

[Event "Gatineau Benevoles"]
[Site "Gatineau CAN"]
[Date "2013.12.10"]
[Round "1"]
[White "Pilon, Robert"]
[Black "Leon, Carlos"]
[Result "0-1"]
[WhiteElo "1435"]
[BlackElo "1648"]
[PlyCount "62"]
[GameId "2160767909208169"]
[EventDate "2013.12.10"]
[EventType "swiss"]
[EventRounds "4"]
[EventCountry "CAN"]
[SourceTitle "EXT 2022"]
[Source "ChessBase"]
[SourceDate "2021.10.06"]
[SourceVersion "1"]
[SourceVersionDate "2021.10.06"]
[SourceQuality "1"]

1. e4 e6 2. d4 d5 3. e5 c5 4. c3 Nc6 5. Nf3 Bd7 6. Bd3 cxd4 7. cxd4 Qb6 8. Bc2 Nb4 9. a3 Nxc2+ 10. Qxc2 Rc8 11. Nc3 f6 12. O-O fxe5 13. Nxe5 Qxd4 14. Nxd7 Kxd7 15. Be3 Qc4 16. b3 Qxc3 17. Qe2 Qc2 18. Qb5+ Qc6 19. Qd3 Qa6 20. Qd2 Nf6 21. Bd4 Bc5 22. Bxf6 gxf6 23. Qh6 Be7 24. Rfe1 Qd3 25. Rad1 Qf5 26. Qh4 Bc5 27. Re2 Rhg8 28. Qa4+ Ke7 29. Rde1 Rxg2+ 30. Kxg2 Rg8+ 31. Kh1 Qf3# 0-1

[Event "Gatineau Benevoles"]
[Site "Gatineau CAN"]
[Date "2013.12.10"]
[Round "1"]
[White "Raymond, Daniel"]
[Black "Ethier, Valori"]
[Result "1-0"]
[WhiteElo "1614"]
[BlackElo "1345"]
[PlyCount "65"]
[GameId "2160767909208170"]
[EventDate "2013.12.10"]
[EventType "swiss"]
[EventRounds "4"]
[EventCountry "CAN"]
[SourceTitle "EXT 2022"]
[Source "ChessBase"]
[SourceDate "2021.10.06"]
[SourceVersion "1"]
[SourceVersionDate "2021.10.06"]
[SourceQuality "1"]

1. e4 e5 2. Nf3 Nc6 3. Bb5 a6 4. Ba4 Nf6 5. O-O b5 6. Bb3 Bc5 7. c3 O-O 8. d4 exd4 9. cxd4 Bb6 10. Bg5 d6 11. h3 Bb7 12. Nc3 Re8 13. Re1 Ba5 14. a3 Nb8 15. Bc2 Nbd7 16. e5 dxe5 17. dxe5 Bxf3 18. Qxf3 Rxe5 19. Rxe5 Nxe5 20. Qf5 Ng6 21. Rd1 Qe8 22. Bxf6 gxf6 23. Nd5 Qe5 24. Nxf6+ Kg7 25. Nh5+ Kg8 26. Qf3 Rf8 27. b4 Bb6 28. Nf6+ Kg7 29. Nd7 Qe8 30. Qf6+ Kh6 31. Nxf8 Qe2 32. Nxg6 hxg6 33. Rd8 1-0

[Event "Gatineau Benevoles"]
[Site "Gatineau CAN"]
[Date "2013.12.10"]
[Round "1"]
[White "Traversy, Pierre"]
[Black "Danis, Jacques"]
[Result "1/2-1/2"]
[WhiteElo "1172"]
[BlackElo "1585"]
[PlyCount "79"]
[GameId "2160767909208171"]
[EventDate "2013.12.10"]
[EventType "swiss"]
[EventRounds "4"]
[EventCountry "CAN"]
[SourceTitle "EXT 2022"]
[Source "ChessBase"]
[SourceDate "2021.10.06"]
[SourceVersion "1"]
[SourceVersionDate "2021.10.06"]
[SourceQuality "1"]

1. d4 d5 2. Nf3 e6 3. c4 c6 4. cxd5 exd5 5. Nc3 Nf6 6. e3 Bd6 7. h3 O-O 8. a3 Nbd7 9. Be2 Re8 10. b4 a6 11. O-O Nf8 12. Qc2 Ne4 13. Nd2 Nxc3 14. Qxc3 f5 15. Nf3 Qe7 16. Re1 Nd7 17. Bd3 Nf6 18. Qc2 g6 19. Bb2 Be6 20. Ne5 Nd7 21. f4 Nf6 22. Be2 Rac8 23. Bf3 Kh8 24. Qf2 Ne4 25. Bxe4 fxe4 26. Qg3 Rf8 27. Rf1 Kg7 28. Bc3 Qf6 29. h4 h5 30. Qg5 Qxg5 31. hxg5 Bxe5 32. dxe5 Kf7 33. Bd4 Bd7 34. Rac1 Ke6 35. Kf2 Kf5 36. Rh1 Ke6 37. Rh4 Kf7 38. Ke2 b5 39. Bc5 Rfe8 40. Kf2 1/2-1/2

[Event "Gatineau Benevoles"]
[Site "Gatineau CAN"]
[Date "2013.12.17"]
[Round "2"]
[White "Danilov, Alex"]
[Black "Arsenault, Yves"]
[Result "1-0"]
[WhiteElo "1693"]
[BlackElo "1567"]
[PlyCount "45"]
[GameId "2160767909208172"]
[EventDate "2013.12.10"]
[EventType "swiss"]
[EventRounds "4"]
[EventCountry "CAN"]
[SourceTitle "EXT 2022"]
[Source "ChessBase"]
[SourceDate "2021.10.06"]
[SourceVersion "1"]
[SourceVersionDate "2021.10.06"]
[SourceQuality "1"]

1. e4 c5 2. Nf3 Nc6 3. d4 cxd4 4. Nxd4 Nf6 5. Nc3 g6 6. Bc4 Bg7 7. O-O O-O 8. Be3 d6 9. h3 a6 10. Bb3 Qc7 11. Qd2 Na5 12. Bh6 Nc4 13. Bxc4 Qxc4 14. Bxg7 Kxg7 15. Rfe1 e5 16. Nf3 Qc7 17. Rad1 Rd8 18. Nxe5 Bxh3 19. Nf3 Bg4 20. Qf4 Bxf3 21. Qxf3 Re8 22. Qxf6+ Kg8 23. Nd5 1-0

[Event "Gatineau Benevoles"]
[Site "Gatineau CAN"]
[Date "2013.12.17"]
[Round "2"]
[White "Danis, Jacques"]
[Black "Sabourin, Yves"]
[Result "1/2-1/2"]
[WhiteElo "1585"]
[BlackElo "1459"]
[PlyCount "101"]
[GameId "2160767909208173"]
[EventDate "2013.12.10"]
[EventType "swiss"]
[EventRounds "4"]
[EventCountry "CAN"]
[SourceTitle "EXT 2022"]
[Source "ChessBase"]
[SourceDate "2021.10.06"]
[SourceVersion "1"]
[SourceVersionDate "2021.10.06"]
[SourceQuality "1"]

1. e4 e6 2. Nf3 d5 3. exd5 exd5 4. d4 Nf6 5. Bd3 b6 6. O-O Bb7 7. Re1+ Be7 8. c4 O-O 9. Nc3 dxc4 10. Bxc4 Nc6 11. a3 Na5 12. Be2 Bd5 13. Nxd5 Nxd5 14. Bd2 Nb7 15. Rc1 Bf6 16. Bc4 Rc8 17. Qb3 c6 18. Bxd5 Qxd5 19. Qxd5 cxd5 20. Kf1 Nd6 21. Bb4 Rxc1 22. Rxc1 Rc8 23. Rxc8+ Nxc8 24. Ke2 a5 25. Bc3 Kf8 26. Kd3 Nd6 27. Nd2 Ke7 28. a4 Bg5 29. b4 Bxd2 30. Bxd2 Nc4 31. bxa5 bxa5 32. Bc3 Kd6 33. Kc2 Ke6 34. Kd3 Kf5 35. f3 Kf4 36. Ke2 Nb6 37. g4 Kg5 38. Bxa5 Nxa4 39. Be1 f5 40. h4+ Kf6 41. Ba5 Nb2 42. Bd8+ Ke6 43. Bc7 Nc4 44. Kd3 fxg4 45. fxg4 h5 46. gxh5 Kf5 47. Bb8 Kg4 48. Be5 Kxh5 49. Bxg7 Kxh4 50. Be5 Kg4 51. Bh8 1/2-1/2

[Event "Gatineau Benevoles"]
[Site "Gatineau CAN"]
[Date "2013.12.17"]
[Round "2"]
[White "Ethier, Valori"]
[Black "Carabineanu, Marcel"]
[Result "1-0"]
[WhiteElo "1345"]
[BlackElo "1312"]
[PlyCount "41"]
[GameId "2160767909208174"]
[EventDate "2013.12.10"]
[EventType "swiss"]
[EventRounds "4"]
[EventCountry "CAN"]
[SourceTitle "EXT 2022"]
[Source "ChessBase"]
[SourceDate "2021.10.06"]
[SourceVersion "1"]
[SourceVersionDate "2021.10.06"]
[SourceQuality "1"]

1. e4 e5 2. Bc4 Nf6 3. d4 Bd6 4. dxe5 Bxe5 5. Nf3 Nc6 6. O-O Nxe4 7. Qd5 Qf6 8. Qxe4 O-O 9. Bg5 Qd6 10. Bd3 g6 11. c3 Re8 12. Qh4 b6 13. Nbd2 Bb7 14. Ne4 Qxd3 15. Bf6 h5 16. Bxe5 Nxe5 17. Nf6+ Kg7 18. Nxe8+ Rxe8 19. Qd4 Qf5 20. Nxe5 Rxe5 21. f4 1-0

[Event "Gatineau Benevoles"]
[Site "Gatineau CAN"]
[Date "2013.12.17"]
[Round "2"]
[White "Groleau, Gilles"]
[Black "Desjardins, Michel"]
[Result "1-0"]
[WhiteElo "1904"]
[BlackElo "1902"]
[PlyCount "103"]
[GameId "2160767909208175"]
[EventDate "2013.12.10"]
[EventType "swiss"]
[EventRounds "4"]
[EventCountry "CAN"]
[SourceTitle "EXT 2022"]
[Source "ChessBase"]
[SourceDate "2021.10.06"]
[SourceVersion "1"]
[SourceVersionDate "2021.10.06"]
[SourceQuality "1"]

1. e4 d5 2. exd5 Qxd5 3. Nf3 Bg4 4. Be2 Nc6 5. d4 O-O-O 6. Be3 e6 7. c4 Bb4+ 8. Nbd2 Qa5 9. a3 Bxd2+ 10. Bxd2 Qf5 11. Bc3 Nf6 12. b4 Ne4 13. Bb2 Kb8 14. O-O Bxf3 15. Bxf3 Nxd4 16. Bxd4 e5 17. Bxa7+ Kxa7 18. Qa4+ Kb8 19. Bxe4 Qxe4 20. c5 Rd4 21. Rfe1 Qd5 22. Rad1 Rd8 23. Rxd4 Qxd4 24. h3 Qd2 25. Re3 Qd1+ 26. Qxd1 Rxd1+ 27. Kh2 f6 28. f4 exf4 29. Re8+ Ka7 30. Re7 c6 31. Rxg7 h5 32. Rf7 Rd3 33. Rxf6 Rxa3 34. Rxf4 b6 35. Rh4 Rb3 36. Rxh5 Rxb4 37. g4 bxc5 38. Rxc5 Kb6 39. Rc3 c5 40. Kg3 c4 41. Kh4 Kc5 42. g5 Kd4 43. Rc1 Ke5 44. Kh5 Rb3 45. h4 c3 46. g6 Kf6 47. Kh6 Rb8 48. Rf1+ Ke5 49. g7 c2 50. Rc1 Rb6+ 51. Kh7 Rb7 52. Rxc2 1-0

[Event "Gatineau Benevoles"]
[Site "Gatineau CAN"]
[Date "2013.12.17"]
[Round "2"]
[White "Iyamuremye, Gervais"]
[Black "Raymond, Daniel"]
[Result "0-1"]
[WhiteElo "1443"]
[BlackElo "1614"]
[PlyCount "68"]
[GameId "2160767909208176"]
[EventDate "2013.12.10"]
[EventType "swiss"]
[EventRounds "4"]
[EventCountry "CAN"]
[SourceTitle "EXT 2022"]
[Source "ChessBase"]
[SourceDate "2021.10.06"]
[SourceVersion "1"]
[SourceVersionDate "2021.10.06"]
[SourceQuality "1"]

1. e4 c5 2. Nc3 Nc6 3. Nf3 g6 4. d3 Bg7 5. Be2 d6 6. O-O Nf6 7. d4 cxd4 8. Nxd4 O-O 9. Nxc6 bxc6 10. f3 Qb6+ 11. Kh1 Nd7 12. Qd2 Nc5 13. Rb1 Ba6 14. a3 Bxc3 15. Qxc3 Bxe2 16. Re1 Na4 17. Qe3 Qxe3 18. Bxe3 Ba6 19. b3 Nb6 20. c4 c5 21. f4 f5 22. e5 Rfe8 23. h4 Nd7 24. Bd2 Bb7 25. Kh2 dxe5 26. fxe5 Be4 27. Rb2 Nxe5 28. Re3 Ng4+ 29. Kg3 Nxe3 30. Bxe3 Rac8 31. Kf4 e5+ 32. Kg5 Kg7 33. h5 h6+ 34. Kh4 g5+ 0-1

[Event "Gatineau Benevoles"]
[Site "Gatineau CAN"]
[Date "2013.12.17"]
[Round "2"]
[White "Jobin, Gilles G"]
[Black "Lavergne, Daniel"]
[Result "0-1"]
[WhiteElo "1756"]
[BlackElo "1781"]
[PlyCount "136"]
[GameId "2160767909208177"]
[EventDate "2013.12.10"]
[EventType "swiss"]
[EventRounds "4"]
[EventCountry "CAN"]
[SourceTitle "EXT 2022"]
[Source "ChessBase"]
[SourceDate "2021.10.06"]
[SourceVersion "1"]
[SourceVersionDate "2021.10.06"]
[SourceQuality "1"]

1. Nf3 d5 2. g3 c6 3. Bg2 Nf6 4. d3 e6 5. O-O Nbd7 6. Nbd2 Bc5 7. d4 Bd6 8. c3 O-O 9. Qc2 Re8 10. e4 dxe4 11. Ng5 e3 12. fxe3 h6 13. Nde4 Be7 14. Nxf6+ Bxf6 15. Qh7+ Kf8 16. Ne4 Ke7 17. Nxf6 gxf6 18. Qxh6 Rh8 19. Qf4 Qa5 20. b3 Qh5 21. Ba3+ c5 22. dxc5 Qxh2+ 23. Kf2 Ne5 24. c6+ Ke8 25. Qe4 Rg8 26. Ke2 Rxg3 27. Rf2 Qh5+ 28. Kd2 bxc6 29. Rh1 Qg4 30. Rh8+ Kd7 31. Kc2 Qxe4+ 32. Bxe4 Rxe3 33. Rd2+ Kc7 34. Bd6+ Kb6 35. Rd4 a5 36. Kd2 Re2+ 37. Kd1 Rxa2 38. Bxe5 fxe5 39. Rdd8 f5 40. Bb1 Rg2 41. Rxc8 Rxc8 42. Rxc8 Rg1+ 43. Kc2 e4 44. Rd8 e3 45. Rd1 Rg2+ 46. Kd3 f4 47. Ke4 e5 48. Bd3 Rb2 49. Re1 Rd2 50. Be2 Rb2 51. Kxe5 Rxb3 52. Kxf4 Rxc3 53. Ke4 Kc5 54. Ra1 Kb4 55. Rb1+ Ka3 56. Ra1+ Kb4 57. Rb1+ Rb3 58. Ra1 Rb2 59. Kxe3 a4 60. Bd1 a3 61. Kd3 c5 62. Bc2 c4+ 63. Kd2 a2 64. Rh1 Rb3 65. Bxb3 cxb3 66. Rh4+ Ka3 67. Rh1 b2 68. Kc2 a1=Q 0-1

[Event "Gatineau Benevoles"]
[Site "Gatineau CAN"]
[Date "2013.12.17"]
[Round "2"]
[White "Lecorre, Joel"]
[Black "Traversy, Pierre"]
[Result "1-0"]
[WhiteElo "1517"]
[BlackElo "1172"]
[PlyCount "55"]
[GameId "2160767909208178"]
[EventDate "2013.12.10"]
[EventType "swiss"]
[EventRounds "4"]
[EventCountry "CAN"]
[SourceTitle "EXT 2022"]
[Source "ChessBase"]
[SourceDate "2021.10.06"]
[SourceVersion "1"]
[SourceVersionDate "2021.10.06"]
[SourceQuality "1"]

1. b3 e5 2. Bb2 Nc6 3. e3 d6 4. Nf3 Be7 5. c4 Bf6 6. e4 Bg4 7. d3 Nd4 8. Be2 c5 9. Nxd4 Bd7 10. Nf3 b5 11. Nc3 Qa5 12. O-O Ne7 13. Qd2 b4 14. Nd5 Nxd5 15. exd5 O-O 16. a3 Qb6 17. axb4 cxb4 18. Qe3 Bd8 19. d4 f6 20. c5 Qc7 21. Rfc1 Bg4 22. h3 Bh5 23. cxd6 Qd7 24. Nxe5 Qf5 25. g4 Qg5 26. Qxg5 fxg5 27. gxh5 Rf6 28. Bg4 1-0

[Event "Gatineau Benevoles"]
[Site "Gatineau CAN"]
[Date "2013.12.17"]
[Round "2"]
[White "Legare, Gilles"]
[Black "Pilon, Robert"]
[Result "1-0"]
[WhiteElo "1130"]
[BlackElo "1435"]
[PlyCount "64"]
[GameId "2160767909208179"]
[EventDate "2013.12.10"]
[EventType "swiss"]
[EventRounds "4"]
[EventCountry "CAN"]
[SourceTitle "EXT 2022"]
[Source "ChessBase"]
[SourceDate "2021.10.06"]
[SourceVersion "1"]
[SourceVersionDate "2021.10.06"]
[SourceQuality "1"]

1. e4 e6 2. Nf3 c5 3. Nc3 Nc6 4. d4 cxd4 5. Nxd4 e5 6. Nf3 Nf6 7. Bc4 d6 8. a3 Bg4 9. Bb5 Be7 10. Qd3 h6 11. Nd5 O-O 12. h3 Bxf3 13. gxf3 a6 14. Bc4 b5 15. Nxf6+ Bxf6 16. Bd5 Rc8 17. c3 Qd7 18. f4 exf4 19. Bxf4 Be5 20. Qg3 Bxf4 21. Qxf4 Ne5 22. Qg3 Qe7 23. Rg1 Qf6 24. f4 Ng6 25. Qxg6 Qxg6 26. Rxg6 Kh8 27. Rxd6 Rc5 28. O-O-O a5 29. f5 b4 30. axb4 axb4 31. Rd3 Rc7 32. c4 Ra8 1-0

[Event "Gatineau Benevoles"]
[Site "Gatineau CAN"]
[Date "2013.12.17"]
[Round "2"]
[White "Leon, Carlos"]
[Black "Menard, Marc"]
[Result "1-0"]
[WhiteElo "1648"]
[BlackElo "1450"]
[PlyCount "37"]
[GameId "2160767909208180"]
[EventDate "2013.12.10"]
[EventType "swiss"]
[EventRounds "4"]
[EventCountry "CAN"]
[SourceTitle "EXT 2022"]
[Source "ChessBase"]
[SourceDate "2021.10.06"]
[SourceVersion "1"]
[SourceVersionDate "2021.10.06"]
[SourceQuality "1"]

1. c4 e5 2. g3 Nf6 3. Bg2 c6 4. d4 exd4 5. Qxd4 d5 6. cxd5 Be6 7. Nc3 Bxd5 8. Nxd5 Nxd5 9. Bd2 Be7 10. Qxg7 Bf6 11. Qh6 Qb6 12. Nh3 Qxb2 13. O-O Qe5 14. e4 Nb6 15. Bf4 Qe7 16. e5 N8d7 17. exf6 Qxf6 18. Rfe1+ Kd8 19. Bg5 1-0

[Event "Gatineau Benevoles"]
[Site "Gatineau CAN"]
[Date "2013.12.17"]
[Round "2"]
[White "Rose, Richard1"]
[Black "Gagnon, Fabien"]
[Result "1/2-1/2"]
[WhiteElo "1849"]
[BlackElo "1918"]
[PlyCount "84"]
[GameId "2160767909208182"]
[EventDate "2013.12.10"]
[EventType "swiss"]
[EventRounds "4"]
[EventCountry "CAN"]
[SourceTitle "EXT 2022"]
[Source "ChessBase"]
[SourceDate "2021.10.06"]
[SourceVersion "1"]
[SourceVersionDate "2021.10.06"]
[SourceQuality "1"]

1. e4 c5 2. Nf3 d6 3. d4 cxd4 4. Nxd4 Nf6 5. Bd3 e5 6. Nb3 Be7 7. c4 Be6 8. Nc3 O-O 9. O-O Nbd7 10. Qe2 Rc8 11. Be3 a6 12. h3 Re8 13. Rad1 Qc7 14. Nd2 g6 15. Kh1 Nh5 16. Qf3 Nf4 17. Bxf4 exf4 18. Nd5 Bxd5 19. exd5 Ne5 20. Qe4 Bf8 21. Be2 Bh6 22. Qd4 f5 23. f3 Nd7 24. Rfe1 Re7 25. Bd3 Rce8 26. Rxe7 Rxe7 27. b4 Re3 28. Nf1 Re5 29. Rc1 g5 30. c5 Bg7 31. Qc4 Kf8 32. cxd6 Qxc4 33. Rxc4 Nb6 34. Rc7 Rxd5 35. Be2 Rxd6 36. Rxb7 Nd7 37. a4 Bc3 38. b5 axb5 39. Bxb5 Ke8 40. g3 Kd8 41. gxf4 gxf4 42. Kg2 Kc8 1/2-1/2

[Event "Gatineau Benevoles"]
[Site "Gatineau CAN"]
[Date "2013.12.17"]
[Round "2"]
[White "Simard, Paul"]
[Black "Lemieux, Denis"]
[Result "0-1"]
[WhiteElo "1199"]
[BlackElo "1666"]
[PlyCount "62"]
[GameId "2160767909208183"]
[EventDate "2013.12.10"]
[EventType "swiss"]
[EventRounds "4"]
[EventCountry "CAN"]
[SourceTitle "EXT 2022"]
[Source "ChessBase"]
[SourceDate "2021.10.06"]
[SourceVersion "1"]
[SourceVersionDate "2021.10.06"]
[SourceQuality "1"]

1. e4 c6 2. Nf3 d5 3. exd5 cxd5 4. d4 Bf5 5. Nc3 Nc6 6. a3 e6 7. Bb5 a6 8. Ba4 b5 9. Bb3 Na5 10. Ba2 Nf6 11. O-O h6 12. Ne5 Rc8 13. Bd2 Nc6 14. Bf4 b4 15. Na4 bxa3 16. bxa3 Nxe5 17. dxe5 Bxc2 18. Qd4 Nd7 19. Bb1 Rc4 20. Qd2 Bxa4 21. Bd3 Rc6 22. Rfb1 Be7 23. g3 g5 24. Be3 Nxe5 25. Qe2 Nxd3 26. Bd4 Bf6 27. Bxf6 Qxf6 28. Rb8+ Kd7 29. Rb7+ Kd6 30. Rab1 Nc5 31. R7b6 Rhc8 0-1